000 00549nam a2200205 a 4500
001 19374
003 CO-ViMGA
008 141112s2004 ck r 000 u spa d
020 _a842610276X
040 _aCO-ViMGA
_bspa
_cCO-ViMGA
082 0 4 _aHERse
100 1 _aHerge,
_927848
245 1 0 _aEl secreto del unicornio
260 _aBarcelona :
_bEd. Juventud; 1998
300 _a62 p.
490 _aLas Aventuras de Tintin
650 1 4 _aCUENTOS INFANTILES DE AVENTURAS
_927849
650 1 4 _aTIRAS COMICAS - HISTORIETAS
_927850
942 _2ddc
_cBK
999 _c28527
_d28527